Turk - Multiple Choice - Statistics

General Stats
  • This quiz has been taken 6 times
    4 since last reset
  • The average score is 8 of 10
Answer Stats
Question Answer % Correct
Around how many people speak Turkish worldwide? 94,000,000
100%
What country has a crescent on its flag? Both A and B
100%
Which of these was NOT a Turkish Empire? Byzantine
100%
What country borders Turkey and Turkmenistan? Iran
100%
Which of these languages is NOT Turkic? Kurdish
100%
Where are the Turks and Caicos islands? The Caribbean Sea
100%
What you call someone from Turkmenistan? Turkmen
100%
What island is the above located on? Grand Turk
67%
What is the capital of Turks and Caicos Islands? Cockburn Town
33%
Which of these is a region in Turkmenistan? Mary
33%
No matching quizzes found
Score Distribution
Percent of People with Each Score
Percentile by Number Answered
Your Score History
You have not taken this quiz since the last reset